Carlos Paz y las sierras para el turista / (Registro nro. 11676)
[ vista simple ]
| 000 -LEADER | |
|---|---|
| longitud fija campo de control | 01021nam a22003257a 4500 |
| 003 - IDENTIFICADOR DE NUMERO DE CONTROL | |
| control del campo | AR-RoUNA |
| 005 - FECHA DE LA ULTIMA MODIFICACION | |
| control del campo | 20250613131553.0 |
| 008 - CAMPO DE CONTROL - LIBROS | |
| longitud fija campo de control | 241031b |||||||| |||| 00| 0 spa d |
| 040 ## - ORIGEN DE LA CATALOGACION | |
| Agencia que cataloga la obra original | AR-RoUNA |
| Idioma en que se cataloga | spa |
| Entidad que modifico el registro | AR-RoUNA |
| 041 ## - CODIGO DE IDIOMA | |
| Codigo de idioma del texto / sonido o titulo separado | spa |
| Codigo de idioma de la traduccion original y / o intermedios de texto | spa |
| 044 ## - CODIGO DE PAIS / ENTIDAD PRODUCTORA | |
| Codigo MARC del pais | ag |
| 100 1# - ASIENTO PRINCIPAL - NOMBRE PERSONAL | |
| Nombre personal | Parfeniuk, Aldo Carlos |
| 9 (RLIN) | 26761 |
| 245 1# - TITULO PROPIAMENTE DICHO | |
| Titulo | Carlos Paz y las sierras para el turista / |
| Mencion de responsabilidad, etc | Aldo Carlos Parfeniuk |
| 250 ## - MENCION DE EDICION | |
| Edicion declarada | 1a. ed. |
| 260 ## - EDITORIAL - PUBLICACION, DISTRIBUCION, ETC. (Pie de imprenta) | |
| Lugar de publicacion, distribucion, etc | Cordoba, Argentina : |
| Nombre del editor, distribuidor, etc | Municipalidad de la Ciudad de Villa Carlos Paz, |
| Fecha de publicacion | 1969 |
| 300 ## - DESCRIPCION FISICA | |
| Extension | 56 p.: |
| Otros detalles fisicos | fot. byn., |
| -- | mapas, |
| Dimensiones | 21x15 cm |
| 600 1# - MATERIA - NOMBRES PERSONALES | |
| Nombre personal | Paz, Carlos Nicandro |
| Fechas asociadas con el nombre | 1866-1930 |
| 9 (RLIN) | 26762 |
| 650 4# - MATERIA - TERMINO TEMATICO | |
| Término temático general | Historia |
| 650 4# - MATERIA - TERMINO TEMATICO | |
| Término temático general | Geografia |
| Subdivisión de formulario | Desarrollo urbano |
| 650 4# - MATERIA - TERMINO TEMATICO | |
| Término temático general | Biografia |
| 651 #0 - MATERIA - NOMBRE GEOGRAFICO | |
| Termino geografico | Villa Carlos Paz (Córdoba, Argentina) |
| 9 (RLIN) | 21245 |
| 653 ## - MATERIA - PALABRAS CLAVES | |
| Palabras claves | Poblacion aborigen de la region |
| 653 ## - MATERIA - PALABRAS CLAVES | |
| Palabras claves | Dique San Roque |
| 653 ## - MATERIA - PALABRAS CLAVES | |
| Palabras claves | Poemas |
| 908 ## - SOPORTE | |
| Soporte | Imp |
| 930 ## - ACCESION | |
| Numero de accesion (NR) | 12120 |
| 942 ## - FUENTE DE CLASIFICACION | |
| Clasificacion | Dewey Decimal Classification |
| Tipo de item | Libro |
| 945 ## - INFORMACION DE PROCESAMIENTO | |
| Codigo del operador | MIA |
| Fecha de ingreso o modificacion | 2024-10-31 |
| 980 ## - DECLARACIÓN DE EQUIVALENCIA O SERIE DE REFERENCIA CRUZADA - NOMBRE / TÍTULO PERSONAL [LOCAL, CANADÁ] | |
| Código del operador | 1 |
| Nombre del operador | Maricel Allasia |
| Código del operador que modifico el registro | 3 |
| Nombre del operador que modifico el registro | Germán Grimolizzi |
| Estado retiro | Estado perdido | Sistema de clasificacion | Estado general | Restricciones de uso | Biblioteca de origen | Ubicacion actual | Localizacion en estante | Fecha de adquisicion | Prestamos totales | Signatura y librística | Proveedor | Numero de ejemplar | Tipo de elemento KOHA | Nota no publica |
|---|---|---|---|---|---|---|---|---|---|---|---|---|---|---|
| Disponible | Disponible | cdu | No dañado | Ningun uso de restricciones | Arq. Hilarión H. Larguia | Arq. Hilarión H. Larguia | Tec | 31/10/2024 | 94(82) P229 | 18219 | ej. 1 | Libro |